Datum a čas kvízu
20
Celkem bodů
Celkový počet nahraných bodů na tomto kvízu bez doplňovacích otázek.
10.
Pořadí na kvízu
Konečné umístění týmu na tomto kvízu.
Zaznamenané odpovědi
| # | Otázka | Odpověď | Body | Výsledky |
|---|---|---|---|---|
| 1. | První československý kosmonaut... | 0 | ||
| 2. | Anglická motoristická žurnalis... | 0 | ||
| 3. | Česká televize v loňském roce... | 0 | ||
| 4. | Ministerstvo dopravy vybralo v... | 0 | ||
| 5. | Minulý týden se začala prodáva... | 1 | ||
| 6. | Vzpomeňme v tomto tématu na zř... | 1 | ||
| 7. | Vyberte pravdivé tvrzení o For... | 0 | ||
| 8. | Jedno z jeho prvních děl bylo... | 1 | ||
| 9. | „Ježíši Kriste, přechytračil j... | 1 | ||
| 10. | Pěknou vzpomínku na Formana na... | 0 |